Visualizzazione normale
Vista MARC
- Donaldson
di Personal Name
Records bibliografici associati: 1
001 - CONTROL NUMBER
- control field: 20337
003 - CONTROL NUMBER IDENTIFIER
- control field: IT-RoPau
005 - DATE AND TIME OF LATEST TRANSACTION
- control field: 20140411154602.0
008 - FIXED-LENGTH DATA ELEMENTS
- fixed length control field: 140411|| aca||aabn | a|a d
040 ## - CATALOGING SOURCE
- Original cataloging agency: IT-RoPau
- Transcribing agency: IT-RoPau
100 ## - HEADING--PERSONAL NAME
- Personal name: Donaldson
- Miscellaneous information: Codice autore musica SPICS: 14426
- Name of part/section of a work: My Buddy
- Relator term: Autore musica
670 ## - SOURCE DATA FOUND
- Source citation: Work cat.: (IT-RoPau)98853: Carter Benny 20327, Benny Carter